00642nam a2200193 a 450000100060000000300090000600800410001504000280005608200180008410000240010224500220012626000520014830000080020065000370020865000210024594200120026699900170027895201530029514289CO-ViMGA141112s2004 ck r 000 u spa d aCO-ViMGAbspacCO-ViMGA04a951.058 D854r1 aSung, Dixson92091610aRepublic of china aNueva York : bHilit Publishing Company, c1986 a51914aCHINA - ASPECTOS SOCIALES92091714aCHINA - HISTORIA 2ddccBK c24983d24983 00102ddc40708003aMEVIECARbMEVIECARd2015-12-04hVolumen. 1 | 11/jun/2009l0o951.058 D854r p14289r2015-12-04 00:00:00tEj. 1w2015-12-04yBK